Cultural Looting and Restitution at the Dawn of the Cold War: The French Recovery Missions in Eastern Europe
| Titel: | Cultural Looting and Restitution at the Dawn of the Cold War: The French Recovery Missions in Eastern Europe / Sophie Cœuré |
|---|---|
| Verfasser: | |
| In: |
Journal of contemporary history, Band 52, Heft 3 (2017), Seite 588-606 alle Artikel anzeigen |
| Veröffentlicht: | 2017 |
| Format: | Aufsatz |
| Sprache: | Englisch |
X
alg: 49417255
001A $03025:03-05-22
001B $01999:03-05-22 $t22:28:39.000
001D $03025:03-05-22
001U $0utf8
001X $00
002@ $0Oou
002C $aText $btxt $2rdacontent
002D $aComputermedien $bc $2rdamedia
002E $aOnline-Ressource $bcr $2rdacarrier
003@ $049417255X
007A $049417255X $aHEB
009Q $uhttps://doi.org/10.1177/0022009416658700 $xH
010@ $aeng
010E $erda
011@ $a2017
021A $aCultural Looting and Restitution at the Dawn of the Cold War: The French Recovery Missions in Eastern Europe $hSophie Cœuré
028A $BVerfasser $#Coeuré, Sophie $#Këre, Sofi $4aut $71023991896 $8Cœuré, Sophie$Z1966- [Tp3] $9304188069
031A $d52 $e3 $h588-606 $j2017
039B $aEnthalten in $8--Obvc--. Journal of contemporary history. - London {[u.a.] : Sage Publ., 1966-. - Online-Ressource. - ISSN 1461-7250 $x201700000520003412 $9083774181
044K $7123693136 $8Valland, Rose$Z1898-1980 [Tp1] $9104062312
044K $#Frankreich $#Frankreich $#France $#La France $#République Française $#France $#Francija $#Französische Republik $#Empire Français $#République Française $#France Royaume $#Royaume Français $#Fränkische Republik $#Frankreich Kaiserreich $#Frankreich Königreich $#Ṣārfat $#Repubblica Francese $74018145-5 $8Frankreich [Tgz] $9085042463
044K $RSozialistische Staaten $ROsteuropa $#Warschauer Pakt $#Warschauer Pakt- Staaten $#Sowjetblock $#Ostblockstaaten $74075730-4 $8Ostblock [Tg1] $908521437X
044K $RKulturarbeit $#Cultural policy $#Politique culturelle $#Política cultural $#Kulturpolitik $#Kulturpolitik $74033581-1 $8Kulturpolitik [Ts1] $9085089702
044K $#Cultural property $#Patrimoine culturel $#Patrimonio cultural $#Kulturerbe $#Kulturelles Erbe $74033560-4 $8Kulturerbe [Ts1] $9085089648
044K $RRaub $RKunstdiebstahl $#Art thefts $#Art Vol (droit) $#Raubkunst $74134168-5 $8Kunstraub [Ts1] $9085489972
045F $a709.470904 $eDDC23BSB
045F/01 $a709
045F/03 $f0904
045F/03 $g47
045R $aGeschichte 1945-1990
lok: 49417255 78
exp: 49417255 78 1 #EPN
201B/01 $003-05-22 $t18:15:51.000
201C/01 $003-05-22
201U/01 $0utf8
203@/01 $01198724803
208@/01 $a03-05-22 $be
209A/01 $a/ $f000 $x00
209A/01 $ab*p $x01
209A/01 $aBetr. auch Polen und die Tschechoslowakei $x03
220C/01 $apgar
244Z/01 $#Ostmitteleuropa $#Ostmitteleuropa $#Mitteleuropa, Ost $#Central Europe Ostmitteleuropa $#Mittelosteuropa $74075753-5 $8--Tg1--Ostmitteleuropa $x01 $9085214485
244Z/01 $#Tschechoslowakei $#Tschechoslowakei $#Tschechische und Slowakische Föderative Republik $#République Tchéco-Slovaque $#Tchécoslovaquie $#Československá Federativní Republika $#Česká a Slovenská Federativní Republika $#Czech and Slovak Federal Republic $#ČSFR $#ČSSR $#ČSR $#RČS $#Československo $#Československá Socialistická Republika $#Československá Republika $#Tschechoslowakische Sozialistische Republik $#Tschechoslowakische Republik $#Tschechoslowakische Föderative Republik $#Republika Československá $#Czechoslovakia $#Čechoslovakische Republik $#République Tchécho-Slovaque $#Tchéchoslovaquie $#Czechoslovak Socialist Republic $#Checoeslovaquia $#Cecoslovacchia $#Čechoslovakija $#République tchécoslovaque $74078435-6 $8--Tg1--Tschechoslowakei $x02 $9085222305
244Z/01 $#Generalgouvernement Polen $#Polska $#Rzeczpospolita Polska $#Polska Rzeczpospolita Ludowa $#Poland $#Pologne $#République Polonaise $#Generalne Gubernatorstwo w Polsce $#Polish People's Republic $#Polska Rzeczpospolita Polen $#PRL $#RP $#Polen Generalgouvernement $#Polska Generalgouvernement $#Besetzte Polnische Gebiete $#Besetztes Gebiet in Polen $#Okupowane Polskie Obszary $#Obszary Okupowane w Polsce $#Volksrepublik Polen $#Polska Rosyjska $#Republic Polen $#Respublika Pol'ša $#Pol'skaja Narodnaja Respublika $#République de Pologne $#Polen Links der Weichsel $#Polska po Lewej Stronie Wisły $#Lenkija $#Polija $#Gubernija Carstva Pol'skago $#Republik Polen $74046496-9 $8--Tg1--Polen $x03 $9085129801
247C/01 $82080>Marburg/Lahn, Herder-Institut, Forschungsbibliothek, Bibliographieportal $9336309341
| LEADER | 00000caa a2200000 c 4500 | ||
|---|---|---|---|
| 001 | 49417255X | ||
| 003 | DE-603 | ||
| 005 | 20220503222839.0 | ||
| 007 | cr|||||||||||| | ||
| 008 | 220503s2017 xx |||| o| u00||u|eng c | ||
| 035 | |a (DE-599)HEB49417255X | ||
| 040 | |a DE-603 |b ger |c DE-603 |d DE-603 |e rda | ||
| 041 | |a eng | ||
| 082 | 0 | 4 | |8 1\u |a 709.470904 |q DE-101 |2 23/BSB |
| 085 | |8 1\u |b 709 | ||
| 085 | |8 1\u |z 1 |s 0904 | ||
| 085 | |8 1\u |z 2 |s 47 | ||
| 100 | 1 | |a Cœuré, Sophie |d 1966- |e Verfasser |4 aut |0 (DE-603)304188069 |0 (DE-588)1023991896 |2 gnd | |
| 245 | 0 | 0 | |a Cultural Looting and Restitution at the Dawn of the Cold War: The French Recovery Missions in Eastern Europe |c Sophie Cœuré |
| 264 | 0 | |c 2017 | |
| 336 | |a Text |b txt |2 rdacontent | ||
| 337 | |a Computermedien |b c |2 rdamedia | ||
| 338 | |a Online-Ressource |b cr |2 rdacarrier | ||
| 600 | 1 | 7 | |a Valland, Rose |d 1898-1980 |0 (DE-588)123693136 |0 (DE-603)104062312 |2 gnd |
| 648 | 7 | |a Geschichte 1945-1990 |2 gnd | |
| 650 | 7 | |a Kulturpolitik |0 (DE-588)4033581-1 |0 (DE-603)085089702 |2 gnd | |
| 650 | 7 | |a Kulturerbe |0 (DE-588)4033560-4 |0 (DE-603)085089648 |2 gnd | |
| 650 | 7 | |a Kunstraub |0 (DE-588)4134168-5 |0 (DE-603)085489972 |2 gnd | |
| 651 | 7 | |a Frankreich |0 (DE-588)4018145-5 |0 (DE-603)085042463 |2 gnd | |
| 651 | 7 | |a Ostblock |0 (DE-588)4075730-4 |0 (DE-603)08521437X |2 gnd | |
| 773 | 0 | 8 | |i Enthalten in |t Journal of contemporary history |d London [u.a.] : Sage Publ., 1966- |h Online-Ressource |x 1461-7250 |g Band 52, Heft 3 (2017), Seite 588-606 |w (DE-603)083774181 |w (DE-600)1494064-4 |
| 856 | |u https://doi.org/10.1177/0022009416658700 |x Verlag | ||
| 924 | 1 | |9 2080 |a (DE-603)1198724803 |b DE-2080 |c HES |d d |g / | |


